Normal view
MARC view
Entry Personal Name
001 - CONTROL NUMBER
- control field: 22274
003 - CONTROL NUMBER IDENTIFIER
- control field: ARRUPE
005 - DATE AND TIME OF LATEST TRANSACTION
- control field: 20160212101755.0
008 - FIXED-LENGTH DATA ELEMENTS
- fixed length control field: 160212|| aca||aabn | a|a d
040 ## - CATALOGING SOURCE
- Original cataloging agency: ARRUPE
- Transcribing agency: ARRUPE
100 ## - HEADING--PERSONAL NAME
- Personal name: Bell, Sheila M.
- Fuller form of name: (Sheila Margaret),
- Dates associated with a name: 1937-
- Relator term: ed.
670 ## - SOURCE DATA FOUND
- Source citation: Work cat.: (ARRUPE)0: Sarraute, Nathalie. 22273, Tropismes /, [1972]